Phoneme-Based Speech Segmentation using Hybrid Soft Computing Framework

The book discusses intelligent system design using soft computing and similar systems and their interdisciplinary applications. It also focuses on the recent trends to use soft computing as a versatile tool for designing a host of decision support systems.

Bibliographic Details
Main Authors: Sarma, Mousmita (Author), Sarma, Kandarpa Kumar (Author)
Corporate Author: SpringerLink (Online service)
Format: Electronic eBook
Language:English
Published: New Delhi : Springer India : Imprint: Springer, 2014.
Series:Studies in Computational Intelligence, 550
Subjects:
Online Access:Full Text via HEAL-Link
LEADER 02523nam a22004815i 4500
001 978-81-322-1862-3
003 DE-He213
005 20151030091618.0
007 cr nn 008mamaa
008 140404s2014 ii | s |||| 0|eng d
020 |a 9788132218623  |9 978-81-322-1862-3 
024 7 |a 10.1007/978-81-322-1862-3  |2 doi 
040 |d GrThAP 
050 4 |a Q342 
072 7 |a UYQ  |2 bicssc 
072 7 |a COM004000  |2 bisacsh 
082 0 4 |a 006.3  |2 23 
100 1 |a Sarma, Mousmita.  |e author. 
245 1 0 |a Phoneme-Based Speech Segmentation using Hybrid Soft Computing Framework  |h [electronic resource] /  |c by Mousmita Sarma, Kandarpa Kumar Sarma. 
264 1 |a New Delhi :  |b Springer India :  |b Imprint: Springer,  |c 2014. 
300 |a XXI, 187 p. 62 illus.  |b online resource. 
336 |a text  |b txt  |2 rdacontent 
337 |a computer  |b c  |2 rdamedia 
338 |a online resource  |b cr  |2 rdacarrier 
347 |a text file  |b PDF  |2 rda 
490 1 |a Studies in Computational Intelligence,  |x 1860-949X ;  |v 550 
505 0 |a Part 1 (Background): Introduction -- Speech Processing Technology-Basic Consideration -- Fundamental Considerations of ANN -- Sounds of Assamese Language -- State of Research of Speech Recognition -- Part 2 (Design Aspects): Phoneme Segmentation Technique using Self Organizing Map (SOM) -- Application of Proposed Phoneme Segmentation Technique in Spoken Word Recognition -- Application of Clustering Techniques to Generate A Priori Knowledge for Spoken Word Recognition -- Application of Proposed Phoneme Segmentation Technique in Speaker Identification -- Conclusion. 
520 |a The book discusses intelligent system design using soft computing and similar systems and their interdisciplinary applications. It also focuses on the recent trends to use soft computing as a versatile tool for designing a host of decision support systems. 
650 0 |a Engineering. 
650 0 |a Algorithms. 
650 0 |a Computational intelligence. 
650 1 4 |a Engineering. 
650 2 4 |a Computational Intelligence. 
650 2 4 |a Signal, Image and Speech Processing. 
650 2 4 |a Algorithm Analysis and Problem Complexity. 
700 1 |a Sarma, Kandarpa Kumar.  |e author. 
710 2 |a SpringerLink (Online service) 
773 0 |t Springer eBooks 
776 0 8 |i Printed edition:  |z 9788132218616 
830 0 |a Studies in Computational Intelligence,  |x 1860-949X ;  |v 550 
856 4 0 |u http://dx.doi.org/10.1007/978-81-322-1862-3  |z Full Text via HEAL-Link 
912 |a ZDB-2-ENG 
950 |a Engineering (Springer-11647)